000 00332nam a2200121 4500
999 _c13048
_d13048
008 190207b ||||| |||| 00| 0 eng d
100 _936723
_aArado, Jennie P.
245 _aAddressing hygiene/
_cJennie P. Arado
260 _aDavao City
_bSun Star Davao
_cc2018
300 _apage 2.
650 0 _936724
_aHygiene.
942 _2ddc
_cPER